000 00363nam a2200145Ia 4500
008 191201s2007 xx 000 0 und d
082 _a004.028
_bBIT
100 _aBIGELOW, Stephen J
245 0 _aTroubleshooting, Maintaining, and Repairing PCs
250 _aRep.
260 _aN.Delhi
_bTMH
_c2007
300 _a1547
650 _aB.Tech(CSE)
942 _2ddc
_cBK
999 _c3840
_d3840